MARC details
| 000 -CABECERA |
| campo de control de longitud fija |
01179nam a2200289 a 4500 |
| 003 - IDENTIFICADOR DEL NÚMERO DE CONTROL |
| campo de control |
UPN |
| 005 - FECHA Y HORA DE LA ÚLTIMA TRANSACCIÓN |
| campo de control |
20240427063658.0 |
| 008 - ELEMENTOS DE LONGITUD FIJA--INFORMACIÓN GENERAL |
| campo de control de longitud fija |
991125s1939 dr fr 001 0 spa d |
| 035 ## - NÚMERO DE CONTROL DEL SISTEMA |
| Número de control de sistema |
UPN01000002472 |
| 040 ## - FUENTE DE LA CATALOGACIÓN |
| Centro catalogador/agencia de origen |
MX-MxUPN |
| Lengua de catalogación |
spa |
| Centro/agencia transcriptor |
MX-MxUPN |
| 041 ## - CÓDIGO DE IDIOMA |
| Código de lengua del texto/banda sonora o título independiente |
spa |
| Código de lengua original |
eng |
| 050 #4 - SIGNATURA TOPOGRÁFICA DE LA BIBLIOTECA DEL CONGRESO |
| Número de clasificación |
F1938 E6 |
| Número de documento/Ítem |
K6.28 |
| 100 1# - ASIENTO PRINCIPAL--NOMBRE PERSONAL |
| Nombre de persona |
Knight, Melvin M. |
| Fechas asociadas al nombre |
1887-1981 |
| 9 (RLIN) |
51741 |
| Forma completa/desarrollada del nombre |
(Melvin Moses), |
| 245 14 - MENCIÓN DE TÍTULO |
| Título |
Los americanos en Santo Domingo : |
| Resto del título |
estudios de imperialismo americano |
| 260 ## - PUBLICACIÓN, DISTRIBUCIÓN, ETC. |
| Lugar de publicación, distribución, etc. |
Ciudad Trujillo: |
| Nombre del editor, distribuidor, etc. |
Imprenta Listín Diario, |
| Fecha de publicación, distribución, etc. |
1939. |
| 300 ## - DESCRIPCIÓN FÍSICA |
| Extensión |
208 páginas |
| 490 0# - MENCIÓN DE SERIE |
| Mención de serie |
Publicaciones de la Universidad de Santo Domingo |
| 500 ## - NOTA GENERAL |
| Nota general |
"Traducción hecha a diligencias de la Universidad de Santo Domingo, con la autorización de la Vanguard Press, de New York" |
| 504 ## - NOTA DE BIBLIOGRAFÍA, ETC. |
| Nota de bibliografía, etc. |
Incluye índice. |
| 651 #4 - ASIENTO SECUNDARIO DE MATERIA - NOMBRE GEOGRAFICO |
| Nombre geográfico |
República Dominicana |
| Subdivisión general |
Relaciones exteriores |
| Subdivisión geográfica |
Estados Unidos |
| 9 (RLIN) |
13534 |
| 651 #4 - ASIENTO SECUNDARIO DE MATERIA - NOMBRE GEOGRAFICO |
| Nombre geográfico |
República Dominicana |
| Subdivisión general |
Condiciones económicas |
| 9 (RLIN) |
13552 |
| 651 #4 - ASIENTO SECUNDARIO DE MATERIA - NOMBRE GEOGRAFICO |
| Nombre geográfico |
República Dominicana |
| Subdivisión general |
Historia |
| 9 (RLIN) |
51740 |
| Subdivisión cronológica |
Ocupación Norteamericana, 1916-1924 |
| 710 2# - ASIENTO SECUNDARIO - NOMBRE CORPORATIVO |
| 9 (RLIN) |
51738 |
| Nombre de entidad corporativa o nombre de jurisdicción como elemento de entrada |
Universidad de Santo Domingo |
| Término indicativo de función/relación |
propietario anterior |
| 902 ## - ELEMENTOS DE DATOS B LOCAL, LDB (RLIN) |
| Modificó |
MaríaRobles/240624 |
| 905 ## - TIPO DE MATERIAL |
| Tipo de material |
Libro |
| 942 ## - ELEMENTOS DE PUNTO DE ACCESO ADICIONAL (KOHA) |
| Fuente del sistema de clasificación o colocación |
Library of Congress Classification |
| Tipo de ítem Koha |
Libro |
| Suprimir en OPAC |
No |